Miracle Sudoku - Statistics

General Stats
  • This quiz has been taken 3 times
  • The average score is 2 of 79
Answer Stats
Answer % Correct
4
67%
1
33%
1
33%
2
33%
1
0%
1
0%
1
0%
1
0%
1
0%
1
0%
2
0%
2
0%
2
0%
2
0%
2
0%
2
0%
2
0%
3
0%
3
0%
3
0%
3
0%
3
0%
3
0%
3
0%
3
0%
3
0%
4
0%
4
0%
4
0%
4
0%
4
0%
4
0%
4
0%
4
0%
5
0%
5
0%
5
0%
5
0%
5
0%
5
0%
5
0%
5
0%
5
0%
6
0%
6
0%
6
0%
6
0%
6
0%
6
0%
6
0%
6
0%
6
0%
7
0%
7
0%
7
0%
7
0%
7
0%
7
0%
7
0%
7
0%
7
0%
8
0%
8
0%
8
0%
8
0%
8
0%
8
0%
8
0%
8
0%
8
0%
9
0%
9
0%
9
0%
9
0%
9
0%
9
0%
9
0%
9
0%
9
0%
No matching quizzes found
Score Distribution
Percent of People with Each Score
Percentile by Number Answered
Your Score History
You have not taken this quiz